000 00546nam a2200181 4500
001 123577
003 ES-MaACL
005 20250602063227.0
007 t|
008 070214s1972 sp r ||||1| spa d
100 1 _aRahner, Karl,
_d1904-1984
_995012
245 1 3 _aLa gracia como libertad /
_cKarl Rahner ; versión de Javier Medina Dávila.
260 _aBarcelona :
_bHerder,
_c1972.
300 _a322 p. ;
_c22 cm.
700 1 _aMedina Dávila, Javier.
_979730
852 _aES-MaACL
_jC-44718
_bR.84007
999 _c123577
_d123577